000 00714nam a2200229Ia 4500
001 9161
003 GE_BSU
008 181216s||||||||xx |||||||||||||| ||und||
040 _cGE_BSU
080 _a821.353.1–31
100 _aლისაშვილი,იაკინთე
245 _aერთგულება
245 _bრომანი
245 _cრედ.თ.გოგოლაძე.მხატვ.ჯ.ყაველაშვილი
260 _aთბილისი
260 _bსაბჭოთა საქართველო
260 _c1958
300 _a605გვ.22სმ.
653 _aერთგულება
653 _aრომანი
942 _cBK
999 _c42465
_d42465